000 01956cam a22004454a 4500
001 15291380
005 20170105102855.0
008 080502s2008 ctua b 001 0 eng
010 _a 2008020105
015 _aGBA882547
_2bnb
016 7 _a101472943
_2DNLM
016 7 _a014656237
_2Uk
020 _a9780275993269 (alk. paper)
020 _a0275993264 (alk. paper)
035 _a(OCoLC)226357714
035 _a(OCoLC)ocn226357714
040 _aDNLM/DLC
_cDLC
_dNLM
_dBTCTA
_dBAKER
_dUKM
_dOCLCG
_dYDXCP
_dC#P
_dBWX
_dCDX
_dDLC
042 _apcc
043 _an-us---
050 0 0 _aHV6433.35
_b.J64 2008
060 1 0 _aWA 295
_bJ73b 2008
082 0 0 _a363.325/30973
_222
100 1 _aJohnstone, R. William,
_d1953-
245 1 0 _aBioterror :
_banthrax, influenza, and the future of public health security /
_cR. William Johnstone.
260 _aWestport, Conn. :
_bPraeger Security International,
_c2008.
300 _axi, 219 p. :
_bill. ;
_c25 cm.
504 _aIncludes bibliographical references (p. [177]-210) and index.
505 0 _aThe anthrax attacks of September/October 2001 -- Threats and risks -- The pre-9/01 public health system -- Response to the anthrax attacks: criminal investigation -- The public health response to the anthrax attacks -- Public policy response to bioterrorism, SARS and avian flu -- Current status of public health security.
650 0 _aBioterrorism
_zUnited States.
650 0 _aAnthrax
_zUnited States.
650 1 2 _aBioterrorism
_zUnited States.
650 2 2 _aAnthrax
_zUnited States.
650 2 2 _aDisease Outbreaks
_zUnited States.
650 2 2 _aPublic Health Administration
_zUnited States.
650 2 2 _aPublic Policy
_zUnited States.
856 4 1 _3Table of contents only
_uhttp://www.loc.gov/catdir/toc/ecip0817/2008020105.html
906 _a7
_bcbc
_corignew
_d1
_eecip
_f20
_gy-gencatlg
942 _2ddc
_cBK
999 _c14458
_d14458